000 01134nam a2200313 i 4500
003 EG-GICUC
005 20260121101220.0
008 251113s2001 Ua ||||fr|||| 000 0 ARA d
040 _a EG-GICUC
_bara
_c EG-GICUC
_d EG-GICUC
_erda
041 0 _aARA
082 0 4 _221
_a341.77
_bأ ح . إ
092 0 4 _221
099 _aLaw1 11 2001 341.77 أ ح . إ
100 0 _aأحمد أبو الروس ،
_eمؤلف.
245 1 2 _aالإرهاب والتطرف والعنف الدولى /
_cتأليف أحمد أبو الروس
264 1 _aالإسكندرية :
_bالمكتب الجامعي الحديث ،
_c2001 .
300 _a؛ 282 صفحة
_c24 سم
336 _2rda content
_atext
337 _2rda media
_aComputer
338 _2rda carrier
_aOnline Resource
504 _aيشتمل على ارجاعات ببليوجرافية.
546 _aالنص باللغة العربية
650 1 4 _aالقانون الدولي
650 1 4 _aالقانون الجنائى الدولى
651 1 _2qrmak
856 4 0 _uhttps://fll.law.cu.edu.eg/fulltext/bks/B11-06481.pdf
905 _a76
942 _2ddc
_n0
_cBK
_e21
999 _c43177
_d43177